| 000 | 00847nam a2200253 a 4500 | ||
|---|---|---|---|
| 001 | 000017209 | ||
| 003 | OSt | ||
| 005 | 20210215104031.0 | ||
| 008 | 100319s1982 dr a 000 0 spa d | ||
| 040 |
_aDO-SdBNP _bspa _cBNPHU |
||
| 082 |
_a618.2061 _bJ82d |
||
| 100 | 1 |
_aJorge A. , Jaime, _d1911- _937854 |
|
| 245 | 1 | 0 |
_aDrogas, embarazo y pediatría / _cJaime Jorge A.; prólogo Emil Kasse Acta. |
| 260 |
_aSanto Domingo : _bAmigo del Hogar, _c1982. |
||
| 300 |
_a535 P. : _bil. ; _c27 cm. |
||
| 500 | _aIncluye datos biográficos del autor en la contracubierta | ||
| 504 | _aBibliografía : p. 8 | ||
| 590 | _aInventariado,2018/DG | ||
| 650 | 4 |
_aFarmacología obstétrica _937855 |
|
| 650 | 4 |
_aFarmacología pediatrica _919619 |
|
| 700 | 1 | 2 |
_aKasse Acta, Emil _epról. _922279 |
| 910 | _aValidado. Control de calidad MFF | ||
| 942 |
_2ddc _cLBS1 |
||
| 999 |
_c16734 _d16734 |
||